LDR 01041nam a2200265 4500 001 000000367778 003 CaOOAMICUS 005 20260522082901.0 008 260513s2023 it 000 u ita r 020 $a979-12-5585-210-0 040 $aSeMil$bita 100 1 $aRiboldi, Francesco,$d<1959- >.$0(OLS)http://semarc/name/124407 245 10$aAffinchè siate felici /$cFrancesco Riboldi. 264 1$aLesmo (MB) :$bEtabeta,$c2023. 300 $a156 p. ;$c17 cm 650 4$aCristianesimo - Meditazioni.$0(OLS)http://semarc/subject/1977 650 4$aSpiritualità cristiana.$0(OLS)http://semarc/subject/53718 850 $aSeMil 852 $aSeMil$W1$xVenegono$y1$m2C I 831$j272386$B258460$CSeMilBibl$Z2$F258460 $81 941 1 $a7 961 $aOmaggio mons. Mario Delpini 996 $6020$a979-12-5585-210-0$9(OLS)http://semarc/number/305914 996 $6245$aAffinchè siate felici$9(OLS)http://semarc/title/459756 996 $6264$aLesmo (MB) :$bEtabeta$9(OLS)http://semarc/publisher/60276